| 000 | 00826nam a22002777a 4500 | ||
|---|---|---|---|
| 001 | 4488 | ||
| 003 | FISKH | ||
| 005 | 20240912092611.0 | ||
| 008 | 240912b cb ||||| |||| 00| 0 eng d | ||
| 020 | _a9780618285037 | ||
| 040 |
_aFISKH _beng _cFISKH _dFISKH |
||
| 050 | _aPZ7 | ||
| 100 | _aMcGovern, Will | ||
| 245 |
_aMy cat / _cby Will McGovern : illustrated by Doreen Gay-Kassel |
||
| 260 |
_aBoston : _bHoughton Mifflin Company ; _c2004 . |
||
| 300 |
_a8 pages : _bcolor illustrations ; _c21 cm . |
||
| 490 | _aLeveled Readers | ||
| 505 | _aB | ||
| 520 | _aSee all the things a pet cat likes to do. | ||
| 521 | 8 |
_a40
_bLexile estimate |
|
| 521 | 8 |
_aB
_bRaz-Plus |
|
| 650 |
_aanimals _vrealistic fiction |
||
| 700 |
_aGay-Kassel, Doreen _eillustrator |
||
| 942 |
_2ddc _cBK _n0 |
||
| 999 |
_c4488 _d4488 |
||